Statistics for Objects of the Solar System

Click here to take the quiz!

General Stats

  • This quiz has been taken 54 times
  • The average score is 28 of 190

Answer Stats

HintTypeObject% Correct
Planet 3PlanetEarth
100%
Planet 4PlanetMars
100%
StarStarSun
100%
Planet 2PlanetVenus
100%
Planet 3MoonLuna
97%
Planet 1PlanetMercury
97%
Planet 6PlanetSaturn
94%
Planet 5PlanetJupiter
92%
Trans-Neptunian ObjectsDwarf PlanetPluto
89%
Planet 5MoonIo
86%
Planet 8PlanetNeptune
86%
Planet 7PlanetUranus
86%
Asteroid BeltAsteroid52 Europa
72%
Planet 5MoonEuropa
72%
Planet 6MoonTitan
72%
Planet 5MoonGanymede
69%
Planet 4MoonDeimos
67%
Planet 4MoonPhobos
67%
Asteroid BeltAsteroidCeres
64%
Planet 5MoonCallisto
58%
Trans-Neptunian ObjectsDwarf PlanetEris
56%
Trans-Neptunian ObjectsDwarf Planet MoonCharon
50%
Trans-Neptunian ObjectsDwarf PlanetMakemake
50%
Planet 8MoonTriton
47%
Trans-Neptunian ObjectsDwarf PlanetHaumea
39%
Planet 6MoonRhea
39%
Planet 7MoonTitania
36%
Planet 6MoonEnceladus
33%
Asteroid BeltAsteroidVesta
33%
Planet 6MoonIapetus
31%
Planet 6MoonMimas
31%
Trans-Neptunian ObjectsDwarf Planet MoonNix
31%
Planet 7MoonOberon
28%
Planet 6MoonDione
25%
Trans-Neptunian ObjectsDwarf PlanetGonggong
25%
CometsCometHalley's Comet
25%
Trans-Neptunian ObjectsDwarf Planet MoonStyx
25%
Trans-Neptunian ObjectsDwarf PlanetQuaoar
22%
Trans-Neptunian ObjectsDwarf Planet MoonHydra
19%
Asteroid BeltAsteroidPallas
19%
Planet 6MoonTethys
19%
Planet 7MoonUmbriel
19%
Planet 7MoonAriel
17%
Asteroid BeltAsteroidJuno
17%
Planet 7MoonMiranda
17%
Planet 5MoonAmalthea
14%
CentaursCentaurChiron
14%
Planet 5MoonDia
14%
Asteroid BeltAsteroidEros
14%
Planet 5MoonHimalia
14%
Trans-Neptunian ObjectsDwarf Planet MoonKerberos
14%
Trans-Neptunian ObjectsDwarf PlanetOrcus
14%
Planet 6MoonPan
14%
Planet 6MoonPhoebe
14%
Trans-Neptunian ObjectsDwarf Planet MoonDysnomia
11%
Planet 8MoonNereid
11%
CentaursCentaurNessus
11%
Planet 7MoonPuck
11%
Planet 6MoonCalypso
8%
Planet 6MoonEpimetheus
8%
Planet 6MoonHyperion
8%
Planet 7MoonJuliet
8%
Planet 7MoonOphelia
8%
Planet 6MoonPrometheus
8%
Planet 5 TrojansAsteroidAchilles
6%
Planet 5MoonAdrastea
6%
Planet 5MoonAnanke
6%
Planet 7MoonCordelia
6%
Trans-Neptunian ObjectsDwarf Planet MoonHi'iaka
6%
Asteroid BeltAsteroidHygiea
6%
Planet 6MoonJanus
6%
Planet 5MoonMetis
6%
Planet 6MoonPandora
6%
CentaursCentaurPholus
6%
Planet 8MoonProteus
6%
Asteroid BeltAsteroidPsyche
6%
Planet 5MoonThebe
6%
Trans-Neptunian ObjectsDwarf Planet MoonXiangliu
6%
Planet 7MoonBianca
3%
Planet 7MoonCaliban
3%
Planet 5MoonCarme
3%
CentaursCentaurChariklo
3%
Planet 7MoonCupid
3%
Planet 7MoonDesdemona
3%
Planet 8MoonDespina
3%
Planet 5MoonElara
3%
Planet 8MoonGalatea
3%
Planet 5 TrojansAsteroidHektor
3%
Planet 6MoonHelene
3%
Planet 7MoonMab
3%
Trans-Neptunian ObjectsDwarf Planet MoonNamaka
3%
Planet 5 TrojansAsteroidOdysseus
3%
Planet 5 TrojansAsteroidParis
3%
Planet 5MoonPasiphae
3%
Planet 5MoonPraxidike
3%
Planet 7MoonRosalind
3%
Planet 6MoonTelesto
3%
Trans-Neptunian ObjectsDwarf Planet MoonWeywot
3%
Planet 6MoonYmir
3%
Planet 5 TrojansAsteroidAgamemnon
0%
Planet 6MoonAlbiorix
0%
Asteroid BeltAsteroidAmphitrite
0%
CentaursCentaurAmycus
0%
Planet 5 TrojansAsteroidÄneas
0%
Planet 5MoonAoede
0%
CentaursCentaurAsbolus
0%
Planet 6MoonAtlas
0%
Planet 5MoonAutonoe
0%
Asteroid BeltAsteroidBamberga
0%
Planet 7MoonBelinda
0%
Planet 6MoonBestla
0%
CentaursCentaurBienor
0%
Planet 5MoonCallirrhoe
0%
Asteroid BeltAsteroidCamilla
0%
Planet 5MoonCarpo
0%
Planet 5MoonChaldene
0%
Planet 7MoonCressida
0%
Asteroid BeltAsteroidCybele
0%
Planet 6MoonDaphnis
0%
Asteroid BeltAsteroidDavida
0%
Planet 5 TrojansAsteroidDeiphobus
0%
Planet 5 TrojansAsteroidDiomedes
0%
Asteroid BeltAsteroidDiotima
0%
Asteroid BeltAsteroidDoris
0%
Asteroid BeltAsteroidEgeria
0%
Planet 5MoonEirene
0%
Asteroid BeltAsteroidElektra
0%
Planet 6MoonErriapus
0%
Planet 5MoonErsa
0%
Planet 5MoonEuanthe
0%
Planet 5MoonEukelade
0%
Asteroid BeltAsteroidEunomia
0%
Asteroid BeltAsteroidEuphrosyne
0%
Planet 7MoonFerdinand
0%
Asteroid BeltAsteroidFortuna
0%
Planet 7MoonFrancisco
0%
Planet 8MoonHalimede
0%
Planet 5MoonHarpalyke
0%
Planet 5MoonHelike
0%
Planet 5MoonHermippe
0%
Planet 8MoonHippocamp
0%
CentaursCentaurHylonome
0%
Planet 6MoonHyrrokkin
0%
Planet 6MoonIjiraq
0%
Asteroid BeltAsteroidInteramnia
0%
Planet 5MoonIocaste
0%
Asteroid BeltAsteroidIris
0%
Planet 5MoonIsonoe
0%
CentaursCentaurKa'epaoka'awela
0%
Planet 5MoonKalyke
0%
Planet 6MoonKiviuq
0%
Planet 8MoonLaomedeia
0%
Planet 8MoonLarissa
0%
Planet 5MoonLeda
0%
Planet 5MoonLysithea
0%
Planet 7MoonMargaret
0%
Planet 5MoonMegaclite
0%
Planet 5 TrojansAsteroidMentor
0%
Planet 6MoonMundilfari
0%
Planet 8MoonNaiad
0%
Planet 6MoonNarvi
0%
Planet 8MoonNeso
0%
Planet 6MoonPaaliaq
0%
Planet 5MoonPandia
0%
Asteroid BeltAsteroidPatientia
0%
Planet 5 TrojansAsteroidPatroclus
0%
Planet 7MoonPerdita
0%
Planet 7MoonPortia
0%
Planet 7MoonProspero
0%
Planet 8MoonPsamathe
0%
Planet 8MoonSao
0%
Planet 7MoonSetebos
0%
Planet 6MoonSiarnaq
0%
Planet 5MoonSinope
0%
Planet 6MoonSkathi
0%
Planet 7MoonStephano
0%
Planet 6MoonSuttungr
0%
Planet 7MoonSycorax
0%
Asteroid BeltAsteroidSylvia
0%
Planet 6MoonTarqeq
0%
Planet 6MoonTarvos
0%
Planet 5MoonTaygete
0%
Planet 8MoonThalassa
0%
Asteroid BeltAsteroidThemis
0%
Planet 5MoonThemisto
0%
Asteroid BeltAsteroidThisbe
0%
Planet 6MoonThrymr
0%
Planet 5MoonThyone
0%
Planet 7MoonTrinculo
0%
Trans-Neptunian ObjectsDwarf Planet MoonVanth
0%

Score Distribution

Percentile by Number Answered

Percent of People with Each Score

Your Score History

You have not taken this quiz